000 00520nam a2200181Ia 4500
005 20250508151011.0
008 008 250505s9999 xx 000 0 eng d
037 _aTextual
040 _aFEDL
_beng
_cFEDL
041 _aeng
_2eng
084 _a371.422, WIL
_qFEDL
100 _aWilliamson E G
_9757409
245 0 _aIntroduction to high school counseling
260 _aNew York, USA
_bMcGraw-Hill Book Company
_c1940
300 _a314p.
942 _cTEXL
_h371.422, WIL
999 _c1326955
_d1326955